Online Catalogue and eLibrary

Maha purusha kanthawak (Record no. 5344)

MARC details
000 -LEADER
fixed length control field 00383nam a2200157Ia 4500
005 - DATE AND TIME OF LATEST TRANSACTION
control field 20250317021229.0
008 - FIXED-LENGTH DATA ELEMENTS--GENERAL INFORMATION
fixed length control field 240331s9999 xx 000 0 und d
020 ## - INTERNATIONAL STANDARD BOOK NUMBER
ISBN 9555911002
082 ## - DDC Classification
Item Number - Author Mark AYI
Class No. 891
100 ## - MAIN ENTRY--PERSONAL NAME
Personal name Ayithmathaw,C
245 #0 - TITLE STATEMENT
Title Maha purusha kanthawak
260 ## - PUBLICATION, DISTRIBUTION, ETC.
Place of publication, distribution, etc. Rajagiriya
Name of publisher, distributor, etc. Kurulu Books
300 ## - PHYSICAL DESCRIPTION
Extent (e.g. Volumes, Pages etc.) 140 p .,
500 ## - GENERAL NOTE
General note Story of a Historical lady
942 ## - Koha item type (Biblio)
Koha item type Books in Stacks (Lending)
Holdings
Lost status Damaged status Collection code Home library Current library Shelving location Date acquired Full call number Accession Number Item type
    Lending WERC Library WERC Library Social Science Cupboard 03/31/2024 891.94 AYI 4813 Books in Stacks (Lending)

© WERC Library